Lagom : švédské umění života v rovnováze /

Gespeichert in:
Bibliographische Detailangaben
1. Verfasser: Dunne, Linea (Verfasst von)
Format: Buch
Sprache:Tschechisch
Englisch
Veröffentlicht: Praha Alpha Book 2018
Schriftenreihe:Dobrý život 1.
Schlagworte:
Tags: Tag hinzufügen
Keine Tags, Fügen Sie das erste Tag hinzu!

MARC

LEADER 00000nam a22000003a 4500
001 0082521
003 SK-STU
005 20200722140431.6
007 ta
008 200722s ----xo-----e------000-0-----d
020 |a 978-80-87529-15-7 
040 |a STU  |b slo 
041 0 |a cze  |h eng 
044 |a xr 
100 1 |a Dunne, Linea  |4 aut 
245 1 0 |a Lagom :  |b švédské umění života v rovnováze /  |c aut. Linea Dunne 
260 |a Praha  |b Alpha Book  |c 2018 
300 |a 159 s. 
490 0 |a Dobrý život  |v 1. 
650 0 7 |a kvalita života 
650 0 7 |a životný štýl 
996 |b 284M088381  |c M* 14325-1  |l MMKN  |s A  |a 24  |w 0082521_0001